Human Resources Management. (Record no. 2075)

MARC details
005 - DATE AND TIME OF LATEST TRANSACTION
control field 20250610113710.0
020 ## - INTERNATIONAL STANDARD BOOK NUMBER
International Standard Book Number 0-13-127677-8
082 ## - DEWEY DECIMAL CLASSIFICATION NUMBER
Classification number 658.3 DES
100 ## - MAIN ENTRY--PERSONAL NAME
Author name DESSLER, G.
245 ## - TITLE STATEMENT
Title Human Resources Management.
250 ## - EDITION STATEMENT
Edition statement 10th Ed.
260 ## - PUBLICATION, DISTRIBUTION, ETC.
Place of publication, distribution, etc. Pearson Prentice Hall,
Name of publisher, distributor, etc. Canada,
Date of publication, distribution, etc. 2005.
300 ## - PHYSICAL DESCRIPTION
Extent xxi, 725p.: ill.; figure, picture, table
Other physical details Glossary & Index
Dimensions 25cm.
856 ## - ELECTRONIC LOCATION AND ACCESS
Link text Access Online Book
Electronic name Management
Path www.prenhall.com
942 ## - ADDED ENTRY ELEMENTS (KOHA)
Source of classification or shelving scheme Dewey Decimal Classification
Koha item type Books
Holdings
Date last seen Total checkouts Full call number Barcode Cost, replacement price Price effective from Koha item type Lost status Source of classification or shelving scheme Damaged status Not for loan Withdrawn status Home library Current library Shelving location Date acquired Cost, normal purchase price
06/26/2025   658.3 DES DOM0001689 88500.00 06/26/2025 Books   Dewey Decimal Classification       CBE Dodoma CBE Dodoma General Collection 06/26/2008 29500.00
05/07/2025   658.3 DES 0000007937 88500.00 05/07/2025 Books   Dewey Decimal Classification       College of Business Education Main Library College of Business Education Main Library General Collection 10/26/2005 29500.00
05/07/2025   658.3 DES 0000007938 88500.00 05/07/2025 Books   Dewey Decimal Classification       College of Business Education Main Library College of Business Education Main Library General Collection 10/26/2005 29500.00
05/07/2025   658.3 DES 0000007939 88500.00 05/07/2025 Books   Dewey Decimal Classification       College of Business Education Main Library College of Business Education Main Library General Collection 10/26/2005 29500.00
05/07/2025   658.3 DES 0000007940 88500.00 05/07/2025 Books   Dewey Decimal Classification       College of Business Education Main Library College of Business Education Main Library General Collection 10/26/2005 29500.00
06/10/2025   LECT 658.3 DES 00000012466 88500.00 06/10/2025 Books   Dewey Decimal Classification       College of Business Education Main Library College of Business Education Main Library General Collection 10/26/2005 29500.00